Score 0/15 Timer 01:30
4 Plays Today
Question Answer Wrong Answers
Rice Krispies mascots Bang
92.6%
Crackle
1.2%
Pop
1%
Snap
1.2%
Gryffindor students Draco
89%
Harry
2.2%
Hermione
2.2%
Ron
5.3%
Subatomic particles Ion
87.6%
Neutron
3.2%
Proton
3.7%
Electron
4.9%
Dave Seville's Chipmunks Dale
85.2%
Alvin
1%
Simon
7%
Theodore
3.3%
1960s folk group Mark
83.4%
Peter
3.4%
Mary
9%
Paul
3.3%
Christopher Columbus' ships Rosa
83.3%
Niña
5.1%
Pinta
5.2%
Santa María
1.5%
Gifts of the Magi Gems
82.1%
Frankincense
3.5%
Gold
1.7%
Myrrh
1.7%
Marx Brothers Carlo
76.6%
Chico
12.1%
Groucho
3.7%
Harpo
4.8%
Rights asserted in the US Declaration of Independence Property
76.3%
Liberty
1.3%
Life
4.8%
Pursuit of Happiness
14.7%
Destiny's Child members Lauryn Hill
75.4%
Beyoncé Knowles
2.3%
Kelly Rowland
6%
Michelle Williams
10.2%
Brady Bunch daughters Carol
74.6%
Cindy
7.8%
Jan
9.6%
Marcia
6.8%
Yalta Conference attendees Benito Mussolini
72.3%
Winston Churchill
4.1%
Franklin D. Roosevelt
8.8%
Joseph Stalin
12.2%
Powerpuff Girls Bluebell
67.4%
Blossom
7.1%
Bubbles
19.1%
Buttercup
4.8%
'Animaniacs' Warner siblings Rakko
51.5%
Dot
31%
Wakko
8%
Yakko
6.8%
North Carolina's Research Triangle Greensboro
49.5%
Chapel Hill
16.8%
Durham
13.9%
Raleigh
10.8%
Remove Ads.
Support Sporcle.
Get the best of Sporcle when you Go Orange. This ad-free experience offers more features, more stats, and more fun while also helping to support Sporcle. Thank you for becoming a member.

You're not logged in!

Compare scores with friends on all Sporcle quizzes.
OR
Log In

Show Comments

Extras

Top Quizzes Today


Score Distribution

Your Account Isn't Verified!

In order to create a playlist on Sporcle, you need to verify the email address you used during registration. Go to your Sporcle Settings to finish the process.

Report this User

Report this user for behavior that violates our Community Guidelines.

Details: